[Event "Gibraltar Masters"]
[Site "Caleta ENG"]
[Date "2005.01.01"]
[Round "8"]
[White "Kristjansson,St"]
[Black "Speelman,J"]
[Result "0-1"]
[WhiteElo "2438"]
[BlackElo "2548"]

1.e4 g6 2.d4 Bg7 3.Nc3 d6 4.Be3 a6 5.Qd2 b5 6.Nge2 Bb7 7.f3 Nd7 8.d5 Ne5
9.Nd4 Nf6 10.a4 bxa4 11.Be2 c6 12.dxc6 Nxc6 13.Nxa4 Nd7 14.O-O O-O 15.Ra3 Qc7
16.Nxc6 Bxc6 17.Nc3 Rfb8 18.Rb1 a5 19.Bc4 Nb6 20.Ba2 a4 21.Bd4 Bxd4+ 22.Qxd4 Rc8
23.Rd1 Rab8 24.Rd2 Be8 25.Nd1 Qc5 26.Rc3 Qb5 27.Rdd3 Nd7 28.Rxc8 Rxc8 29.Rc3 Qe2
30.Qd3 Qe1+ 31.Qf1 Qxf1+ 32.Kxf1 Rb8 33.Rc7 Kf8 34.Ke1 Ne5 35.Kd2 Bb5 36.Nc3 Ke8
37.f4 Nd7 38.Kc1 Kd8 39.Ra7 e6 40.g3 Rc8 41.Kd2 Rc7 42.Ra5 Bc6 43.f5 Ke7
44.fxe6 fxe6 45.Nd1 Rb7 46.Bc4 Ne5 47.Be2 h5 48.Kc1 Kf6 49.Nf2 Rc7 50.Nd3 Bxe4
51.Nxe5 Rxc2+ 52.Kd1 dxe5 53.Rxa4 Bf5 54.Rb4 Rc8 55.Kd2 g5 56.Bxh5 Rc2+ 57.Ke3 Rxh2
58.g4 Rh3+ 59.Kf2 Bd3 60.Rb8 e4 61.Rc8 Rh2+ 62.Ke3 e5 63.Rf8+ Kg7  0-1

[Event "Gibraltar Masters"]
[Site "Caleta ENG"]
[Date "2005.01.02"]
[Round "9"]
[White "Speelman,J"]
[Black "Sargissian,G"]
[Result "1/2-1/2"]
[WhiteElo "2548"]
[BlackElo "2602"]

1.g3 e5 2.c4 Nf6 3.Bg2 Bc5 4.Nc3 O-O 5.e3 d6 6.Nge2 a6 7.h3 Nc6 8.a3 Ba7
9.d3 Ne7 10.O-O c6 11.d4 Be6 12.b3 b5 13.cxb5 cxb5 14.Kh2 Rc8 15.Bb2 Nf5
16.d5 Bd7 17.Qd2 h5 18.Rac1 Qb6 19.Na2 Ne7 20.Bc3 Bf5 21.Ba5 Qb7 22.Nac3 Bb6
23.Bxb6 Qxb6 24.e4 Bd7 25.f4 b4 26.axb4 Qxb4 27.fxe5 dxe5 28.Rxf6 gxf6 29.Qh6 Ng6
30.Rf1 Rxc3 31.Nxc3 Qxc3 32.Rxf6 Rc8 33.Rxg6+  1/2-1/2

[Event "4NCL"]
[Site "Nottingham ENG"]
[Date "2005.01.23"]
[Round "6"]
[White "Knott,S"]
[Black "Speelman,J"]
[Result "0-1"]
[WhiteElo "2388"]
[BlackElo "2548"]

1.Nf3 Nf6 2.c4 b6 3.g3 Bb7 4.Bg2 g6 5.d4 Bg7 6.Nc3 Ne4 7.Nxe4 Bxe4 8.O-O O-O
9.Be3 d6 10.Qd2 Nd7 11.Bh6 Nf6 12.Bxg7 Kxg7 13.Rfd1 c5 14.Rac1 Qc7 15.Ne1 Bxg2
16.Nxg2 cxd4 17.Qxd4 Rfc8 18.Ne3 Kg8 19.b4 a5 20.a3 axb4 21.axb4 Ra4 22.Qb2 Rca8
23.Ra1 Qa7 24.Rxa4 Qxa4 25.Rb1 Qa2 26.f3 Kf8 27.Kf2 Qxb2 28.Rxb2 e6 29.Rc2 Nd7
30.Ke1 Ra4 31.Rb2 Ra1+ 32.Kd2 g5 33.f4 gxf4 34.gxf4 Ra3 35.Nc2 Rh3 36.Ra2 Nf6
37.Ra6 d5 38.cxd5 Nxd5 39.e4 Rxh2+ 40.Kd1 Nxf4 41.Rxb6 h5 42.Rb8+ Kg7 43.b5 h4
44.b6 Rh1+ 45.Ne1 Nd3 46.b7 Rxe1+ 47.Kc2 Nb4+ 48.Kd2 Na6 49.Ra8 Rxe4 50.Rxa6 Rb4
51.Ra4 Rxb7 52.Rxh4 f5  0-1

[Event "Gibraltar Masters"]
[Site "Caleta ENG"]
[Date "2005.01.25"]
[Round "1"]
[White "Speelman,J"]
[Black "Nezad,H"]
[Result "1-0"]
[WhiteElo "2548"]
[BlackElo "2349"]

1.c4 e6 2.Nf3 d5 3.d4 Nf6 4.Bg5 Be7 5.e3 O-O 6.Nbd2 b6 7.cxd5 Nxd5 8.Bxe7 Qxe7
9.Rc1 Bb7 10.e4 Nf6 11.Bd3 Rc8 12.O-O Nbd7 13.e5 Nd5 14.Nc4 Rd8 15.Re1 Nb4
16.Bb1 c5 17.a3 Bxf3 18.Qxf3 Nd5 19.dxc5 Nxc5 20.b4 Nb7 21.Be4 Rd7 22.Ne3 Nxe3
23.Qxe3 Rb8 24.g3 g6 25.h4 h5 26.Rc2 Rc7 27.Rxc7 Qxc7 28.Qg5 Nd8 29.Rd1 Kf8
30.Qf6 Ke8 31.b5 Rc8 32.a4 Rb8 33.Qh8+ Ke7 34.Qg7 Qc4 35.Qf6+  1-0

[Event "Gibraltar Masters"]
[Site "Caleta ENG"]
[Date "2005.01.30"]
[Round "6"]
[White "Jasim,A"]
[Black "Speelman,J"]
[Result "1/2-1/2"]
[WhiteElo "2340"]
[BlackElo "2548"]

1.Nf3 Nf6 2.g3 b6 3.Bg2 Bb7 4.O-O g6 5.b3 Bg7 6.Bb2 O-O 7.c4 e6 8.d3 d5 9.Nbd2 Nbd7
10.Qc2 Re8 11.Rad1 Rc8 12.Qb1 Qe7 13.Rfe1 a5 14.e3 c6 15.Ne5 Nxe5 16.Bxe5 Bf8
17.f4 Nd7 18.Bb2 a4 19.Nf3 axb3 20.axb3 Qb4 21.Ba1 Bg7 22.Bxg7 Kxg7 23.Qb2+ Kg8
24.h4 h5 25.Ne5 Nxe5 26.Qxe5 Qe7 27.Ra1  1/2-1/2

[Event "4NCL"]
[Site "Nottingham ENG"]
[Date "2005.04.30"]
[Round "9"]
[White "Quinn,M"]
[Black "Speelman,J"]
[Result "0-1"]
[WhiteElo "2395"]
[BlackElo "2548"]

1.d4 d6 2.g3 g6 3.Bg2 Bg7 4.e4 Nc6 5.Be3 e5 6.c3 Nh6 7.h3 f5 8.Qd2 Nf7 9.Ne2 exd4
10.cxd4 fxe4 11.Bxe4 d5 12.Bg2 Ne7 13.Nbc3 c6 14.h4 Nf5 15.Bf4 O-O 16.b3 a5
17.O-O h6 18.Qd3 g5 19.hxg5 hxg5 20.Bc1 b5 21.Bb2 Qf6 22.Nd1 b4 23.Ne3 Nxe3
24.fxe3 Qe6 25.e4 Ba6 26.Qe3 Nd6 27.e5 Nf5 28.Qd2 Bxe2 29.Qxe2 Nxg3 30.Rxf8+ Rxf8
31.Qe3 Qg4 32.Re1 Qh4 33.Rc1 g4 34.Rxc6 Ne4 35.Bxe4 dxe4 36.Rc2 Bh6 37.Qe2 Qg3+
38.Kh1 Qh3+  0-1

[Event "4NCL"]
[Site "Nottingham ENG"]
[Date "2005.05.01"]
[Round "10"]
[White "Speelman,J"]
[Black "Howell,D"]
[Result "1/2-1/2"]
[WhiteElo "2548"]
[BlackElo "2348"]

1.Nf3 Nf6 2.c4 g6 3.Nc3 d5 4.cxd5 Nxd5 5.Qa4+ Bd7 6.Qb3 Nb6 7.d4 Bg7 8.Bf4 O-O
9.e3 Be6 10.Qc2 Nc6 11.a3 Re8 12.Be2 Bf5 13.Qb3 e5 14.dxe5 Nxe5 15.Rd1 Qe7
16.O-O Rad8 17.Nxe5 Bxe5 18.Bxe5  1/2-1/2

[Event "15th ETC"]
[Site "Gothenburg SWE"]
[Date "2005.07.30"]
[Round "1"]
[White "Berend,F"]
[Black "Speelman,J"]
[Result "0-1"]
[WhiteElo "2374"]
[BlackElo "2549"]

1.e4 c6 2.c4 d5 3.cxd5 cxd5 4.exd5 Nf6 5.Nc3 Nxd5 6.Nf3 Nc6 7.Bc4 Nb6 8.Bb3 Bf5
9.d4 e6 10.O-O Be7 11.a4 O-O 12.a5 Nd5 13.a6 bxa6 14.Nxd5 exd5 15.Bd2 Bg4
16.Bc3 Rb8 17.Bc2 Nb4 18.Bxb4 Bxf3 19.Qxf3 Rxb4 20.Rxa6 Qc7 21.Qd3 g6 22.Rfa1 Rc8
23.Bd1 Qf4 24.Qh3 Rc1 25.Qe3 Qxe3 26.fxe3 Bg5 27.Rxc1 Bxe3+ 28.Kf1 Bxc1 29.Rxa7 Bxb2
30.Rd7 Rxd4 31.Bf3 Rf4 32.Rxd5 h5 33.Ke2 Kg7 34.Ke3 Rf6 35.Rd1 Be5 36.h3 Bg3
37.Rd7 Re6+ 38.Kd3 Re1 39.Kd2 Re5 40.Kd3 Rf5 41.Ke2 Kh6 42.Ke3 Re5+ 43.Kd4 f5
44.Rd8 Kg5 45.Kd3 Re7 46.Rc8 Bc7 47.Bc6 Kf4 48.Re8 Rg7 49.Re3 h4 50.Ke2 Bb6
51.Rf3+ Ke5 52.Rb3 Bd4 53.Kf3 Rc7 54.Ba4 Rc4 55.Rb5+ Bc5 56.Bd1 Kd6 57.Rb3 Re4
58.Bc2 Re1 59.Rd3+ Ke5 60.Bb3 Bd4 61.g3 Rf1+ 62.Kg2 Rf2+ 63.Kh1 Ke4 64.Bc4 Rc2
65.Ba6 Ra2 66.Bc4 Ra4 67.Bb5 Rb4 68.Ba6 Rb1+ 69.Kg2 Rb2+ 70.Kh1 Be3 71.gxh4 f4
72.Rd1 Kf3 73.Rd6 Rb1+ 74.Kh2 Bg1+  0-1

[Event "15th ETC"]
[Site "Gothenburg SWE"]
[Date "2005.08.02"]
[Round "4"]
[White "Markus,R"]
[Black "Speelman,J"]
[Result "1/2-1/2"]
[WhiteElo "2591"]
[BlackElo "2549"]

1.d4 Nf6 2.c4 e6 3.Nf3 d5 4.g3 Be7 5.Bg2 O-O 6.O-O dxc4 7.Na3 Qd6 8.Nxc4 Qa6
9.Nce5 Bd7 10.Bf4 Rc8 11.Qc2 Ba4 12.b3 Be8 13.Ng5 h6 14.Ne4 Nd5 15.Rfd1 Nc6
16.Nc4 Nxf4 17.gxf4 Rd8 18.e3 Qb5 19.Rac1 a5 20.Nc3 Qh5 21.Qe4 Bb4 22.Bf3 Qh3
23.Bg2 Qh5 24.Qf3 Qxf3 25.Bxf3 Rab8 26.Ne4 b6 27.Ng3 Na7 28.a4 Kf8 29.h4 Rdc8
30.h5 Nc6 31.f5 exf5 32.Nxf5 Na7 33.Ng3 c6 34.Ne4 Rd8 35.Ne5 f6 36.Nd3 Bf7
37.Nxb4 axb4 38.Nd2 Bd5 39.Be2 Bf7 40.Bf3 Bd5 41.Be2 Bf7 42.Bf3  1/2-1/2

[Event "15th ETC"]
[Site "Gothenburg SWE"]
[Date "2005.08.07"]
[Round "9"]
[White "Sulskis,S"]
[Black "Speelman,J"]
[Result "1/2-1/2"]
[WhiteElo "2535"]
[BlackElo "2549"]

1.e4 c6 2.d4 d5 3.exd5 cxd5 4.c4 Nf6 5.Nc3 Nc6 6.Nf3 a6 7.Bg5 Be6 8.Be2 g6
9.Bxf6 exf6 10.O-O Bg7 11.Qd2 O-O 12.Rfd1 f5 13.Bf1 h6 14.Rac1 Rb8 15.h4 Kh8
16.h5 g5 17.cxd5 Bxd5 18.Nxd5 Qxd5 19.Rc5 Qd6 20.Rxf5 Rbd8 21.Bc4 g4 22.Rd5 Qc7
23.Ne5 Rxd5 24.Bxd5 Nxe5 25.dxe5 Rd8 26.Qe1 g3 27.Bb3 Rxd1 28.Qxd1 Bxe5 29.fxg3 Bxg3
30.Qf3 Qc1+ 31.Bd1 Be5 32.b3 Kg7 33.a4 a5 34.g4 b6  1/2-1/2

[Event "3rd Staunton Memorial"]
[Site "London ENG"]
[Date "2005.08.20"]
[Round "2"]
[White "Houska,Jo"]
[Black "Speelman,J"]
[Result "1-0"]
[WhiteElo "2342"]
[BlackElo "2549"]

1.e4 c6 2.d4 d5 3.Nc3 g6 4.h3 dxe4 5.Nxe4 Nd7 6.Nf3 Ngf6 7.Bd3 Nxe4 8.Bxe4 Bg7
9.O-O O-O 10.Re1 c5 11.c3 cxd4 12.Nxd4 Nc5 13.Bc2 e5 14.Nb3 Qc7 15.Nxc5 Qxc5
16.Be3 Qc7 17.Bb3 b6 18.Bd5 Bb7 19.Bxb7 Qxb7 20.Qb3 Kh8 21.Rad1 f5 22.Rd5 Rad8
23.Red1 Qe7 24.f3 h6 25.a4 Rfe8 26.Qb5 e4 27.Rxd8 Rxd8 28.Rxd8+ Qxd8 29.fxe4 fxe4
30.Kf2 Kh7 31.Ke2 Qd6 32.Qc4 Qe5 33.Qf7 Qh5+ 34.Kd2 Kh8 35.Qxa7 Qd5+ 36.Kc1 Qd3
37.Qxb6 Qf1+ 38.Kc2 Qd3+ 39.Kb3 Qd1+ 40.Kb4 Bf8+ 41.Bc5 Bxc5+ 42.Qxc5 Qe2
43.b3 e3 44.a5 Qd3 45.Qf8+ Kh7 46.Qe7+ Kh8 47.a6 Qxa6 48.Qxe3 Qb7+ 49.Kc4 Qxg2
50.Qxh6+ Kg8 51.Qe3 Qc6+ 52.Qc5 Qa6+ 53.Kb4 Qb7+ 54.Qb5 Qe7+ 55.Ka5 Qc7+
56.Ka6 Qc8+ 57.Ka7 Qxh3 58.c4 Qe3+ 59.c5 g5 60.b4 Kg7 61.Qb7+ Kg6 62.Qb6+ Kh5
63.c6  1-0

[Event "3rd Staunton Memorial"]
[Site "London ENG"]
[Date "2005.08.22"]
[Round "4"]
[White "Speelman,J"]
[Black "McNab,C"]
[Result "1/2-1/2"]
[WhiteElo "2549"]
[BlackElo "2451"]

1.d4 d6 2.Nf3 g6 3.c4 Bg7 4.Nc3 e5 5.g3 Nd7 6.Bg2 Ne7 7.e3 O-O 8.O-O h6 9.b3 Re8
10.Ba3 Nf5 11.Rc1 exd4 12.exd4 c5 13.dxc5 dxc5 14.Na4 Nd4 15.Nxd4 cxd4 16.Bb2 Ne5
17.Bxd4 Bg4 18.Qd2 Nc6 19.Be3 Qxd2 20.Bxd2 Re2 21.Bc3 Rxa2 22.h3 Bf5 23.Bxg7 Kxg7
24.g4 Bc2 25.Bxc6 bxc6 26.Nc3 Rb2 27.Na4  1/2-1/2

[Event "3rd Staunton Memorial"]
[Site "London ENG"]
[Date "2005.08.23"]
[Round "5"]
[White "Howell,D"]
[Black "Speelman,J"]
[Result "1/2-1/2"]
[WhiteElo "2471"]
[BlackElo "2549"]

1.e4 e6 2.d4 d5 3.Nd2 dxe4 4.Nxe4 Nd7 5.Nf3 Ngf6 6.Nxf6+ Nxf6 7.c3 a6 8.Ne5 Nd7
9.Bf4 Nxe5 10.Bxe5 Bd7 11.Qg4 h5 12.Qf4 Rc8 13.Bd3 Bc6 14.O-O-O Bd6 15.Rhe1 Bxe5
16.Rxe5 Qf6 17.Qe3 Qh6 18.f4 O-O 19.Rg1 Rfd8 20.g4 hxg4 21.Rxg4 Rd5 22.Qg3 Re8
23.Bc2 Kf8 24.b3 g6 25.Kb2 Qh8 26.Re3 Rh5 27.h4 Re7 28.Re5 Rd7 29.Reg5 Ke7
30.Qe1 Kd8 31.Rxh5 Qxh5 32.Rg5 Qh8 33.h5 Kc8 34.hxg6 fxg6 35.Qxe6 Kb8 36.Rxg6 Rd8
37.Qe5 Qh2 38.Rg7 Re8 39.Qxc7+ Ka8 40.Re7 Rg8 41.Rg7 Rxg7 42.Qxg7 Be4 43.Qf8+ Ka7
44.Qc5+ Ka8 45.Qc8+ Ka7 46.Qc5+ Ka8 47.d5 Qxc2+ 48.Ka3 Qc1+ 49.Kb4 Qxf4 50.Ka5 Qf6
51.c4 Kb8 52.a4 Qf4 53.Kb6 Qf6+ 54.Ka5 Qc3+ 55.b4 Qf6 56.Qb6 Qxb6+ 57.Kxb6 Kc8
58.b5 axb5 59.axb5 Bf3 60.d6  1/2-1/2

[Event "3rd Staunton Memorial"]
[Site "London ENG"]
[Date "2005.08.26"]
[Round "7"]
[White "Speelman,J"]
[Black "Houska,Jo"]
[Result "1-0"]
[WhiteElo "2549"]
[BlackElo "2342"]

1.d4 d5 2.c4 c6 3.Nf3 Nf6 4.Nc3 e6 5.e3 Nbd7 6.Qc2 b6 7.Bd3 Bb7 8.b3 Be7
9.O-O Qc7 10.Bb2 Rd8 11.Rac1 O-O 12.Qe2 Qb8 13.Rfd1 c5 14.cxd5 cxd4 15.Nxd4 Nxd5
16.Nxd5 Bxd5 17.Bc4 Bxc4 18.Qxc4 Ne5 19.Qc7 Bd6 20.Qxb8 Bxb8 21.h3 Rc8 22.Ba3 Rxc1
23.Rxc1 Rd8 24.Kf1 g5 25.Be7 Re8 26.Bxg5 Kg7 27.Ke2 Ng6 28.e4 f5 29.Nc6 Bf4
30.Bxf4 Nxf4+ 31.Kf3 Nd3 32.Rc3 fxe4+ 33.Kxe4 Nxf2+ 34.Ke5 Rc8 35.Rg3+ Kf7
36.Rf3+ Ke8 37.Nd4 Rc5+ 38.Kxe6 Ne4 39.Re3 Nc3 40.b4 Rc4 41.Nf5 Rc6+ 42.Nd6+ Kd8
43.Rf3  1-0

[Event "3rd Staunton Memorial"]
[Site "London ENG"]
[Date "2005.08.30"]
[Round "10"]
[White "Speelman,J"]
[Black "Howell,D"]
[Result "1/2-1/2"]
[WhiteElo "2549"]
[BlackElo "2471"]

1.d4 Nf6 2.Nf3 g6 3.c4 Bg7 4.g3 O-O 5.Bg2 d5 6.cxd5 Nxd5 7.O-O c5 8.dxc5 Na6
9.Ng5 e6 10.Ne4 Bd7 11.Bg5 f6 12.Bd2 Bc6 13.Nbc3 f5 14.Nxd5 Bxd5 15.Nc3 Bxg2
16.Kxg2 Nxc5  1/2-1/2

[Event "4NCL 2005-6"]
[Site "Birmingham ENG"]
[Date "2005.10.23"]
[Round "2"]
[White "Speelman,J"]
[Black "Pert,R"]
[Result "1/2-1/2"]
[WhiteElo "2539"]
[BlackElo "2429"]

1.Nf3 Nf6 2.c4 e6 3.Nc3 d5 4.d4 dxc4 5.Qa4+ c6 6.Qxc4 b5 7.Qd3 Bb7 8.g3 a6
9.Bg2 c5 10.O-O Nbd7 11.Bg5 Be7 12.Rad1 O-O 13.dxc5 Nxc5 14.Qb1 Qb6  1/2-1/2

[Event "4NCL 2005-06"]
[Site "Birmingham ENG"]
[Date "2005.11.19"]
[Round "3"]
[White "Speelman,J"]
[Black "Chandler,M"]
[Result "1-0"]
[WhiteElo "2548"]
[BlackElo "2544"]

1.d4 Nf6 2.c4 e6 3.Nf3 d5 4.Bg5 Be7 5.e3 h6 6.Bh4 O-O 7.Nbd2 b6 8.Be2 Bb7
9.O-O Nbd7 10.cxd5 exd5 11.Rc1 c5 12.b3 Ne4 13.Bxe7 Qxe7 14.dxc5 Nxd2 15.Qxd2 bxc5
16.Rc2 a5 17.Rfc1 Rfc8 18.Bb5 Nf6 19.Qc3 d4 20.exd4 cxd4 21.Qxd4 Rxc2 22.Rxc2 Rd8
23.Re2 Qc7 24.Qe5 Rd1+ 25.Ne1 Qc8 26.Bc4 a4 27.h3 Qc6 28.f3 Ba6 29.Bxa6 Qxa6
30.bxa4 Qxa4 31.Kh2 Qa7 32.Rc2 Nh7 33.Rc8+ Nf8 34.a4 Qxa4 35.Qe2 Qf4+ 36.Kh1 Kh7
37.Rxf8  1-0

[Event "Gibtelecom Masters"]
[Site "Gibraltar ENG"]
[Date "2006.01.25"]
[Round "2"]
[White "Speelman,J"]
[Black "Short,N"]
[Result "1/2-1/2"]
[WhiteElo "2539"]
[BlackElo "2676"]

1.d4 Nf6 2.Nf3 d5 3.c4 e6 4.Bg5 Be7 5.e3 h6 6.Bh4 O-O 7.Nbd2 Nbd7 8.cxd5 exd5
9.Qc2 a6 10.Be2 Re8 11.O-O c6 12.a3 Nf8 13.b4 Bg4 14.Bd3 Bh5 15.Rab1 Ne4
16.Bg3 Bxf3 17.Nxf3 Bd6 18.a4 Bxg3 19.hxg3 Nd7 20.Rfc1 Rc8 21.Qb3 b5 22.Bxe4 Rxe4
23.a5 h5 24.Rc2 Re6 25.Rbc1  1/2-1/2

[Event "Gibtelecom Masters"]
[Site "Gibraltar ENG"]
[Date "2006.01.26"]
[Round "3"]
[White "Tscharotschkin,M"]
[Black "Speelman,J"]
[Result "0-1"]
[WhiteElo "2227"]
[BlackElo "2539"]

1.e4 Nf6 2.e5 Nd5 3.d4 d6 4.Nf3 Bg4 5.Be2 c6 6.c4 Nb6 7.exd6 exd6 8.O-O Be7
9.b3 O-O 10.Bb2 d5 11.c5 N6d7 12.h3 Bxf3 13.Bxf3 Na6 14.Re1 Bf6 15.Bc3 Nc7
16.Bg4 Nb5 17.Bxd7 Qxd7 18.Qd3 Rfe8 19.Nd2 g6 20.a4 Nxc3 21.Qxc3 Qf5 22.b4 Qf4
23.Nf3 Re4 24.Rxe4 dxe4 25.Nd2 Rd8 26.Nb3 Qg5 27.Qc4 e3 28.Rf1 Rd5 29.f3 Qf4
30.Rd1 Be5 31.Qd3 Qh2+ 32.Kf1 Qh1+ 33.Ke2 Qxg2+ 34.Kxe3 Bf4+ 35.Ke4 Qg5  0-1

[Event "Gibtelecom Masters"]
[Site "Gibraltar ENG"]
[Date "2006.01.27"]
[Round "4"]
[White "Speelman,J"]
[Black "Sutovsky,E"]
[Result "1-0"]
[WhiteElo "2539"]
[BlackElo "2624"]

1.Nf3 Nf6 2.d4 g6 3.Bf4 Bg7 4.e3 d6 5.h3 O-O 6.c3 c5 7.Be2 Be6 8.dxc5 dxc5
9.O-O Qb6 10.Qc1 Nc6 11.Nbd2 Bf5 12.Nh4 Be6 13.e4 Rad8 14.Qc2 Nd7 15.Nhf3 Nde5
16.Nxe5 Nxe5 17.Be3 Qc7 18.f4 Bh6 19.g4 Nc6 20.Rf3 f5 21.exf5 gxf5 22.g5 Bg7
23.Nf1 Bd5 24.Rf2 Be4 25.Qb3+ Kh8 26.Bxc5 Ne5 27.Bxa7 Ng6 28.Qb6 Qc8 29.Ng3 Bc6
30.Nh5 e5 31.Nxg7 Nxf4 32.Rxf4 exf4 33.Nh5 Qe6 34.Qf2 h6 35.Bd4+ Kh7 36.Nxf4  1-0

[Event "Gibtelecom Masters"]
[Site "Gibraltar ENG"]
[Date "2006.01.29"]
[Round "6"]
[White "Speelman,J"]
[Black "Georgiev,Ki"]
[Result "1/2-1/2"]
[WhiteElo "2539"]
[BlackElo "2645"]

1.Nf3 Nf6 2.g3 g6 3.Bg2 Bg7 4.O-O O-O 5.d4 d5 6.Ne5 c6 7.c4 Be6 8.cxd5 Bxd5
9.Bh3 c5 10.dxc5 Na6 11.Nc3 Nxc5 12.Be3 Qd6 13.Bxc5 Qxc5 14.Nxd5 Qxd5 15.Qxd5 Nxd5
16.Nd3 e6  1/2-1/2

[Event "Masters"]
[Site "Bunratty IRL"]
[Date "2006.02.17"]
[Round "1"]
[White "Jeffares,S"]
[Black "Speelman,J"]
[Result "0-1"]
[WhiteElo "2081"]
[BlackElo "2539"]

1.c4 Nf6 2.Nf3 b6 3.g3 Bb7 4.Bg2 g6 5.b3 Bg7 6.Bb2 O-O 7.O-O e6 8.e3 d5 9.cxd5 exd5
10.a3 c5 11.d4 Na6 12.dxc5 bxc5 13.Nc3 Ne4 14.Na4 Bxb2 15.Nxb2 Qe7 16.Qc2 Rab8
17.Nd3 Rfc8 18.Nd2 c4 19.bxc4 dxc4 20.Nxe4 Bxe4 21.Bxe4 cxd3  0-1

[Event "Masters"]
[Site "Bunratty IRL"]
[Date "2006.02.19"]
[Round "5"]
[White "Speelman,J"]
[Black "Hanley,C"]
[Result "1/2-1/2"]
[WhiteElo "2539"]
[BlackElo "2402"]

1.d4 Nf6 2.Nf3 g6 3.c4 Bg7 4.Nc3 O-O 5.Bg5 c5 6.d5 d6 7.e3 h6 8.Bh4 b5 9.cxb5 a6
10.Nd2 Nbd7 11.Be2 axb5 12.Bxb5 Ba6 13.Bxa6 Rxa6 14.O-O Qa8 15.e4 Rb8 16.Rb1 Nb6
17.a3 Na4 18.Nxa4 Rxa4 19.Qc2 Qa6 20.Rfc1 Nxd5 21.Nc4 Nc3 22.bxc3 Rxb1 23.Qxb1 Qxc4
24.Bxe7 Qxe4 25.Bxd6  1/2-1/2

[Event "4NCL 2005-06"]
[Site "Birmingham ENG"]
[Date "2006.03.04"]
[Round "7"]
[White "Berry,N"]
[Black "Speelman,J"]
[Result "0-1"]
[WhiteElo "2289"]
[BlackElo "2539"]

1.d4 e6 2.c4 b6 3.e4 Bb7 4.Qc2 Bb4+ 5.Nd2 c5 6.d5 Qe7 7.Be2 exd5 8.exd5 Nf6
9.Nf3 O-O 10.a3 Re8 11.O-O Qxe2 12.axb4 Na6 13.b5 Nb4 14.Qd1 Qxd1 15.Rxd1 a6
16.bxa6 Rxa6 17.Rxa6 Bxa6 18.b3 Nfxd5 19.cxd5 Be2 20.Re1 Nd3 21.Nf1 Nxe1
22.Nxe1 Bd1 23.Ne3 Bxb3 24.Bb2 Bxd5 25.Nd3 Be6 26.Be5 d5 27.Bc7 d4  0-1

[Event "4NCL 2005-06"]
[Site "Birmingham ENG"]
[Date "2006.04.29"]
[Round "9"]
[White "Ansell,S"]
[Black "Speelman,J"]
[Result "1/2-1/2"]
[WhiteElo "2400"]
[BlackElo "2551"]

1.e4 c6 2.d4 d5 3.e5 c5 4.dxc5 e6 5.Qg4 Qc7 6.Nf3 Nd7 7.Bb5 Qxc5 8.Nc3 a6
9.Bd3 d4 10.Ne4 Nxe5 11.Nxe5 Qxe5 12.Bf4 Qa5+ 13.Bd2 Qc7 14.Qh5 Be7 15.O-O-O Nf6
16.Nxf6+ Bxf6 17.Rhe1 Bd7 18.Kb1 Rc8 19.g4 Be7 20.f4 g6 21.Qh6 Bf8 22.Qh4 Qd8
23.Qf2 Bg7 24.Bb4 Qb6 25.Ba3 Rc3 26.b3 Qa5 27.Bd6 Qb6 28.Ba3 Qa5 29.Bd6 Qb6
30.Ba3  1/2-1/2

[Event "4th Staunton Mem"]
[Site "London/Crowthorne ENG"]
[Date "2006.08.15"]
[Round "2"]
[White "Speelman,J"]
[Black "Bosboom Lanchava,T"]
[Result "1/2-1/2"]
[WhiteElo "2541"]
[BlackElo "2389"]

1.e4 g6 2.d4 Bg7 3.Nf3 d6 4.Bc4 Nf6 5.Qe2 O-O 6.O-O Bg4 7.c3 Nc6 8.h3 Bxf3
9.Qxf3 e5 10.Be3 Qe8 11.Nd2 Nd7 12.Nb3 a5 13.Rad1 a4 14.Nc1 a3 15.b3 Kh8
16.Bb5 f5 17.Bxc6 bxc6 18.exf5 gxf5 19.Qxc6 f4 20.Bd2 f3 21.gxf3 Qe6 22.Kh2 exd4
23.cxd4 Bxd4 24.f4 Nf6 25.Bc3 Bxc3 26.Qxc3 Qf5 27.Ne2 Rae8  1/2-1/2

[Event "4th Staunton Mem"]
[Site "London/Crowthorne ENG"]
[Date "2006.08.18"]
[Round "5"]
[White "Speelman,J"]
[Black "Day,L"]
[Result "1-0"]
[WhiteElo "2541"]
[BlackElo "2278"]

1.e4 d6 2.d4 g6 3.Nc3 a6 4.Be3 b5 5.Qd2 Nd7 6.a4 b4 7.Nd1 Rb8 8.a5 c5 9.c3 Ngf6
10.f3 bxc3 11.bxc3 cxd4 12.cxd4 e5 13.d5 Nc5 14.Bxc5 dxc5 15.Bc4 Rb4 16.Qd3 Qd6
17.Ne2 Bh6 18.O-O O-O 19.Nf2 Ne8 20.Qc3 Bd7 21.Kh1 Qc7 22.Nd3 Bb5 23.Bxb5 Rxb5
24.Qxe5 Nd6 25.Qg3 c4 26.Nf2 Bg7 27.Rac1 Rd8 28.Nd1 Qxa5 29.Nec3 Rb3 30.e5 Nb5
31.Qe1 Re8 32.f4 g5 33.g3 Bf8 34.Ne4 Bb4 35.Nf6+ Kf8 36.Qe4 Rd8 37.fxg5 Nc7
38.d6 Bxd6 39.exd6 Rxd6 40.Qxc4 Qb5 41.Qxb5  1-0

[Event "4th Staunton Mem"]
[Site "London/Crowthorne ENG"]
[Date "2006.08.23"]
[Round "9"]
[White "Speelman,J"]
[Black "Howell,D"]
[Result "1-0"]
[WhiteElo "2541"]
[BlackElo "2479"]

1.d4 Nf6 2.Nf3 g6 3.Bf4 Bg7 4.c3 d6 5.h3 O-O 6.e3 Nbd7 7.Be2 Qe8 8.Bh2 e5
9.Qc2 b6 10.O-O Bb7 11.a4 a6 12.b4 Qe7 13.Rd1 Ne4 14.Nbd2 f5 15.b5 a5 16.Rac1 Rae8
17.Nxe4 Bxe4 18.Qd2 Kh8 19.c4 Bb7 20.dxe5 Nxe5 21.Bxe5 Bxe5 22.Nxe5 Qxe5
23.Bf1 Rf6 24.Re1 h6 25.Rcd1 Kh7 26.Qd4 Qe7 27.g3 Re6 28.Bg2 Be4 29.Qb2 g5
30.Rd4 Kg8 31.Qe2 f4 32.exf4 Bxg2 33.Qxe6+ Qxe6 34.Rxe6 Rxe6 35.Kxg2 gxf4
36.Rxf4 Re1 37.Kf3 Ra1 38.Kg4 Rxa4 39.Kh5 d5 40.Rg4+ Kh7 41.Rg6 Rxc4 42.f4 d4
43.f5 d3 44.Rxh6+ Kg7 45.Kg5 d2 46.f6+ Kf7 47.Rh7+ Ke6 48.Re7+ Kd6 49.Re8 Kd7
50.f7 Rc5+ 51.Kf6 d1=Q 52.Re7+ Kd6 53.Re6+ Kd5 54.Ke7 Qf1 55.g4 Kd4 56.f8=Q Qxf8+
57.Kxf8 a4 58.Re1 Rc3 59.h4 Rg3 60.Ra1 a3 61.g5 Rh3 62.g6 Rxh4 63.Rxa3 Kc5
64.Rc3+ Kxb5 65.Rxc7 Rf4+ 66.Ke7 Kb4 67.Rc6 Kb5 68.Rc8 Rg4 69.Kf6 Kb4 70.g7 b5
71.g8=Q Rxg8 72.Rxg8 Kc3 73.Rc8+ Kd4 74.Rb8 Kc4 75.Ke5 b4 76.Ke4 Kc3 77.Ke3 b3
78.Rc8+ Kb2 79.Kd2 Ka2 80.Kc3 b2 81.Ra8+ Kb1 82.Kb3 Kc1 83.Rc8+ Kb1 84.Rc7 Ka1
85.Ra7+  1-0

[Event "4th Staunton Mem"]
[Site "London/Crowthorne ENG"]
[Date "2006.08.25"]
[Round "11"]
[White "Speelman,J"]
[Black "Sokolov,Iv"]
[Result "0-1"]
[WhiteElo "2541"]
[BlackElo "2652"]

1.d4 d5 2.c4 c6 3.Nf3 Nf6 4.Nc3 dxc4 5.a4 Bf5 6.e3 e6 7.Bxc4 Bb4 8.O-O Nbd7
9.Qe2 Bg4 10.h3 Bh5 11.e4 Bxf3 12.Qxf3 Nb6 13.Bb3 Qxd4 14.a5 Nbd7 15.Rd1 Qc5
16.a6 bxa6 17.Be3 Qe7 18.Qg3 O-O 19.Bg5 Qc5 20.Be3 Qh5 21.Bc2 a5 22.Bg5 e5
23.Rd3 Qg6 24.Qh4 h6 25.Be3 Rfe8 26.Ba4 Rac8 27.Bxa7 Be7 28.Rg3 Qh7 29.Rf3 Nf8
30.Qg3 Ng6 31.Rf5 Bb4 32.Bb3 Re7 33.Rd1 Rxa7  0-1

[Event "TCh-NED 2006-7"]
[Site "Netherlands NED"]
[Date "2006.09.23"]
[Round "1"]
[White "Okkes,M"]
[Black "Speelman,J"]
[Result "0-1"]
[WhiteElo "2355"]
[BlackElo "2541"]

1.e4 c6 2.d4 d5 3.Nc3 g6 4.e5 a6 5.f4 h5 6.Be3 Nh6 7.Nf3 Bg4 8.h3 Bxf3 9.Qxf3 h4
10.Bd3 e6 11.Ne2 Nd7 12.O-O Nf5 13.Bf2 Rc8 14.b3 a5 15.c4 Ba3 16.Rab1 Kf8
17.Rfd1 Kg7 18.Kh1 Qe7 19.Nc3 Bb4 20.Rbc1 Bxc3 21.Rxc3 a4 22.c5 axb3 23.Rxb3 Ra8
24.a3 Rhb8 25.Rdb1 Ra7 26.Qg4 Rh8 27.Rxb7 Rxb7 28.Rxb7 Nxe5 29.Rxe7 Nxg4
30.Bxf5 Nxf2+ 31.Kg1 gxf5 32.Kxf2 Ra8 33.Rc7 Rxa3 34.Rxc6 Rd3 35.Rc8 Rxd4
36.Kf3 Rc4 37.c6 Kf6 38.Rc7 Rc2 39.Ke3 Rxg2 40.Rd7 Rc2 41.c7 Rc4 42.Kd2 Kg6
43.Kd3 f6 44.Re7 e5 45.Ke2 d4 46.Rd7 Rc3 47.Kf2 Rc2+ 48.Ke1 d3 49.Kd1 exf4
50.Ke1 Kg5 51.Rg7+ Kh6 52.Rd7 Kg6 53.Kf1 d2 54.Ke2 f3+ 55.Kxf3 Rxc7 56.Rxd2 Rc3+
57.Kf4 Rxh3 58.Rd8 Rh1 59.Rg8+ Kh7 60.Rg2 Rf1+ 61.Ke3 Kh6 62.Ke2 Rf4 63.Ke3 Rg4
64.Ra2 Kg5 65.Ra8 Rg3+ 66.Kf2 f4 67.Rg8+ Kf5 68.Rh8 h3 69.Rh7 Ra3 70.Rh8 Re3
71.Rh7 Ke4 72.Re7+ Kd3 73.Rd7+ Kc2 74.Rh7 Kd2 75.Rd7+ Rd3 76.Rh7 Kd1 77.Rh4 h2
78.Kg2 f3+ 79.Kf2 Rd2+ 80.Kxf3 Ke1 81.Kg3 Kf1 82.Kh3  0-1

[Event "TCh-NED 2006-7"]
[Site "Netherlands NED"]
[Date "2006.10.14"]
[Round "2"]
[White "Speelman,J"]
[Black "Van Blitterswijk,S"]
[Result "1-0"]
[WhiteElo "2541"]
[BlackElo "2362"]

1.Nf3 d6 2.d4 f5 3.Nc3 Nf6 4.Bg5 d5 5.e3 e6 6.Bd3 c5 7.dxc5 Bxc5 8.O-O Nc6
9.Na4 Be7 10.c4 O-O 11.a3 b6 12.Nc3 Kh8 13.Rc1 Bb7 14.Be2 Rc8 15.Qa4 dxc4
16.Bxc4 Nd5 17.Bxd5 exd5 18.Bxe7 Qxe7 19.Nxd5 Qf7 20.Nf4 Rg8 21.h4 Rge8 22.Rc3 Qf6
23.Rfc1 a6 24.Nd4 b5 25.Qc2 Ne7 26.Qb3 Qxh4 27.Rxc8 Bxc8 28.Qf7 Rg8 29.Rc7 Ng6
30.Qxg6 Qxf4 31.Qxg7+  1-0

[Event "4NCL 2006-07"]
[Site "Coventry ENG"]
[Date "2007.01.13"]
[Round "5"]
[White "Speelman,J"]
[Black "Howell,D"]
[Result "0-1"]
[WhiteElo "2533"]
[BlackElo "2501"]

1.c4 e5 2.Nc3 Bb4 3.Nd5 Be7 4.d4 d6 5.Nf3 e4 6.Nd2 f5 7.Nb1 Nf6 8.Nbc3 O-O
9.g3 Be6 10.Nxe7+ Qxe7 11.d5 Bf7 12.Bh3 Ng4 13.Bxg4 fxg4 14.Be3 Nd7 15.Qd4 Bg6
16.O-O Rae8 17.Qxa7 Qe5 18.Rfc1 Qh5 19.Kf1 Nc5 20.Qa3 Qxh2 21.Ke1 Ra8 22.Qb4 Nd3+
23.exd3 Qg1+ 24.Kd2 Rxf2+ 25.Ne2 Rxe2+ 26.Kxe2 Qg2+ 27.Kd1 exd3 28.Qe1 Rf8
29.Bf4 Re8 30.Be3 Rf8 31.Bf4 Be4 32.Rc3 Re8 33.Kc1 Bg6 34.Qd1 Re2 35.Bd2 Rf2
36.b3 Be4 37.Qxg4 Rf1+ 38.Kb2 Qxd2+ 39.Ka3 Bf5 40.Qh4 Rxa1  0-1